000 00468nab a2200145Ia 4500
003 ES-SlBCS
005 20210601134320.0
008 140529s1962 xxu||||| |||| 00| 0 spa d
041 _aspa
100 1 _aDel Vecchio, Giorgio
_931083
245 0 0 _aNova et vetera (verdades antiguas y disputas modernas)
_c Giorgio Del Vecchio
650 0 4 _aNova et Vetera
_9154474
773 0 _tAnales de la Catedra Francisco Suarez
_gnº. 2, 1962, págs. 133-138
_wRev1020
942 _cAR
999 _c610850
_d610850